00485nam a2200181Ia 450000500170000000800410001702000140005804000190007204100120009108200130010310000190011624500550013526000450019030000160023565000200025170000220027185000100029320240415115353.0131103s9999 xx 000 0 und d a435280511 aLoreto College aEnglish a425bGED aGeddes, Marion aListening linkscMarion Geddes and Gill Sturtridge aLondonbHeinmann Educational Booksc1979 a41p.b pic. aEnglish Grammar aSturtridge, Gill  aLCBED